000
00245nam a22001097a 4500
082
_a
SUZ
100
_a
Suzi Wells
245
_a
Working english cassette
260
_a
London
_b
Heinemann eudcation and books
_c
1987
300
_a
IRP
942
_c
BK
999
_c
14936
_d
14936